000 01524nas a2200265 4500
999 _c64000
_d64000
001 768714001
003 CO-MdFUSB
005 20171115104814.0
008 170823s2017 ck ||||| |||| 00| 0 spa d
022 _a0120-3649
040 _aCO-MdFUSB
_bspa
_cCO-MdFUSB
_dCO-MdFUSB
041 _apor
100 _aWolff, Elias
_eautor
245 1 _aA Reforma de Lutero:
_buma releitura ecumênica
_c/ Wolff, Elias
300 _aVolumen 67. Número 183 (2001), páginas 237-262
_c: 28 cm.
520 1 _aLa Reforma de Lutero configuró nuevos modos de ser cristiano y de ser Iglesia con implicaciones para toda la cristiandad. Como consecuencia, se requiere de una hermenéutica ecuménica de la Reforma, la cual se propone aquí a través del análisis de las relaciones entre las iglesias Católica y Luterana. El objetivo es comprender que la Reforma puede ser recibida hoy por las dos tradiciones eclesiales desde la especificidad de cada una de ellas. Los resultados presentan a los católicos y a los luteranos como coherederos de la Reforma de Lutero en aquello que mantiene a la Iglesia fiel a su origen –Cristo–, compartiendo la fe común y testimoniando el Evangelio en el mundo.
546 _aTexto en portugues
650 7 _9221
_aReforma
653 _aLutero
653 _aJustificación
653 _aIglesia
653 _aEcumenismo
773 0 _049424
_976096
_dBogotá
_oR1632
_tTheologica Xaveriana
_w(CO-MdFUSB)63
_x0120-3649
_gVolumen 67. Número 183 (2001), páginas 237-262
_qPágina 237
942 _cANA